Personnalités aux cheveux roux - Statistiques

Statistiques générales
  • Ce quiz a été pris 204 fois
  • Le résultat moyen est 9 sur 16
Statistiques - réponses
Par images Réponse % Correct
Donald Trump
94%
Ed Sheeran
94%
Vincent van Gogh
90%
Prince Harry
89%
Rupert Grint
72%
Mylène Farmer
71%
Emma Stone
67%
Scarlett Johansson
58%
Chuck Norris
55%
Kevin de Bruyne
51%
Connor McGregor
48%
Nicole Kidman
35%
K J Appa
24%
Sebastian Vettel
24%
Jessica Chastain
20%
Saul "Canelo" Alvarez
8%
Aucun quiz correspondant
Distribution des résultats
% des personnes avec chaque résultat
Percentile par nombre de réponses
Votre historique - résultats
Vous n’avez pas pris ce quiz